[Event "4th OHRA Open"]
[Site "Amsterdam NED"]
[Date "1985.07.24"]
[Round "8"]
[White "Wockenfuss, Klaus"]
[Black "Lombardy, William James"]
[Result "1/2-1/2"]
[WhiteElo "2370"]
[BlackElo "2510"]
[EventDate "1985.07.16"]
[PlyCount "31"]

1.d4 Nf6 2.Nc3 d5 3.Bg5 c6 4.Qd3 Nbd7 5.e4 dxe4 6.Nxe4 Nxe4 7.Qxe4 Qa5+ 8.
Bd2 Qb6 9.O-O-O Nf6 10.Qf4 Bg4 11.f3 Bd7 12.Bc4 e6 13.Nh3 c5 14.Bc3 cxd4 
15.Rxd4 Be7 16.Qg3 1/2-1/2

[Event "4th OHRA Open"]
[Site "Amsterdam NED"]
[Date "1985.07.26"]
[Round "9"]
[White "Bischoff, Klaus"]
[Black "Haik, Aldo"]
[Result "1-0"]
[WhiteElo "2415"]
[BlackElo "2440"]
[EventDate "1985.07.16"]
[PlyCount "77"]

1.e4 c5 2.Nf3 a6 3.d3 Nc6 4.g3 d6 5.Bg2 e5 6.Nc3 Nf6 7.Bg5 Be7 8.Bxf6 Bxf6
9.Nd2 O-O 10.Nc4 b5 11.Ne3 g6 12.h4 Bg7 13.h5 Ra7 14.Ncd5 Ne7 15.Nxe7+ 
Qxe7 16.c3 Be6 17.hxg6 hxg6 18.Qe2 Qg5 19.Rh4 f5 20.exf5 gxf5 21.Bd5 Re7 
22.Rh5 Qg6 23.O-O-O Bh6 24.Rdh1 Rh7 25.Kb1 Bxd5 26.Nxd5 Rff7 27.f4 Bf8 28.
Rxh7 Rxh7 29.Rxh7 Kxh7 30.fxe5 dxe5 31.Qxe5 Bg7 32.Qe3 c4 33.Nf4 Qg4 34.
dxc4 bxc4 35.Kc2 Bf6 36.Qe6 Bg7 37.Qf7 Qxg3 38.Qxf5+ Kh6 39.Qh5# 1-0

[Event "4th OHRA Open"]
[Site "Amsterdam NED"]
[Date "1985.07.26"]
[Round "9"]
[White "Georgiev, Kiril"]
[Black "Enklaar, Bertus"]
[Result "1-0"]
[WhiteElo "2550"]
[BlackElo "2395"]
[EventDate "1985.07.16"]
[PlyCount "79"]

1.Nf3 d5 2.d4 Nf6 3.c4 e6 4.g3 Bb4+ 5.Bd2 Be7 6.Bg2 O-O 7.O-O c6 8.Qc2 Ne4
9.Be3 Nd6 10.Nbd2 Nd7 11.Bf4 f5 12.b4 a6 13.a4 Nxc4 14.Nxc4 dxc4 15.Qxc4 
Nb6 16.Qb3 Qd5 17.Qb2 Qd8 18.Ne5 Nd5 19.Bd2 Bd7 20.Rfe1 Be8 21.Nd3 Bg6 22.
Nc5 Bxc5 23.bxc5 Rf7 24.Ra3 Qe7 25.Rb3 Rd8 26.Qc1 Nf6 27.Qc4 Nd5 28.Bf4 
Rd7 29.Be5 h6 30.e3 Bh7 31.Bf3 Bg6 32.Bg2 Bh7 33.f3 Nf6 34.Bh3 g5 35.Bd6 
Qe8 36.e4 b5 37.cxb6 g4 38.Bc7 Rxc7 39.bxc7 Rxc7 40.fxg4 1-0

[Event "4th OHRA Open"]
[Site "Amsterdam NED"]
[Date "1985.07.26"]
[Round "9"]
[White "Pliester, Leon"]
[Black "Ree, Hans"]
[Result "1/2-1/2"]
[WhiteElo "2340"]
[BlackElo "2465"]
[EventDate "1985.07.16"]
[PlyCount "88"]

1.e4 c5 2.Nc3 d6 3.g3 Nc6 4.Bg2 g6 5.d3 Bg7 6.Be3 Nd4 7.Nh3 e5 8.O-O Ne7 
9.f4 exf4 10.Nxf4 O-O 11.Nfd5 Nxd5 12.Nxd5 Be6 13.Nf4 Bd7 14.Qd2 Ne6 15.
Nd5 Nc7 16.Nf4 Bc6 17.c3 Re8 18.Rae1 b6 19.Nd5 Nxd5 20.exd5 Bd7 21.Bf4 Qc7
22.Qf2 Bf5 23.Be4 Bh3 24.Bg2 Bf5 25.Be4 Bh3 26.Bg2 Bxg2 27.Kxg2 Qd7 28.Qf3
Bf8 29.Re4 Rxe4 30.dxe4 Re8 31.Rf2 h5 32.h3 b5 33.g4 hxg4 34.hxg4 b4 35.
cxb4 cxb4 36.Bg3 a5 37.Kh3 Qa7 38.g5 a4 39.Kg2 b3 40.axb3 axb3 41.Re2 Qd4 
42.Bf2 Qc4 43.Bg3 Qd4 44.Bf2 Qc4 1/2-1/2

[Event "4th OHRA Open"]
[Site "Amsterdam NED"]
[Date "1985.07.26"]
[Round "9"]
[White "Watson, William"]
[Black "Vanheste, Jeroen"]
[Result "1-0"]
[WhiteElo "2435"]
[BlackElo "2360"]
[EventDate "1985.07.16"]
[PlyCount "41"]

1.e4 e6 2.d4 d5 3.Nc3 Bb4 4.Ne2 dxe4 5.a3 Bxc3+ 6.Nxc3 Nc6 7.Be3 Nf6 8.Qd2
O-O 9.O-O-O e5 10.dxe5 Qxd2+ 11.Rxd2 Nxe5 12.Bc5 e3 13.fxe3 Re8 14.Nb5 Ne4
15.Nxc7 Nxd2 16.Nxe8 Ne4 17.Nc7 Nxc5 18.Nxa8 Ne6 19.g3 b6 20.Bh3 Kf8 21.
Nc7 1-0

[Event "4th OHRA Open"]
[Site "Amsterdam NED"]
[Date "1985.07.26"]
[Round "9"]
[White "Hartoch, Robert"]
[Black "Langeweg, Christian"]
[Result "1/2-1/2"]
[WhiteElo "2380"]
[BlackElo "2405"]
[EventDate "1985.07.16"]
[PlyCount "23"]

1.d4 Nf6 2.Nf3 e6 3.e3 c5 4.Bd3 d5 5.b3 Nc6 6.O-O Bd6 7.Bb2 O-O 8.Nbd2 
cxd4 9.exd4 Qb6 10.c4 dxc4 11.bxc4 Qd8 12.Ne5 1/2-1/2

[Event "4th OHRA Open"]
[Site "Amsterdam NED"]
[Date "1985.07.26"]
[Round "9"]
[White "Ermenkov, Evgeny"]
[Black "Wockenfuss, Klaus"]
[Result "1-0"]
[WhiteElo "2520"]
[BlackElo "2370"]
[EventDate "1985.07.16"]
[PlyCount "93"]

1.e4 Nc6 2.d4 d5 3.e5 Bf5 4.c3 e6 5.Bd3 Nge7 6.Ne2 f6 7.f4 Qd7 8.Ng3 Bxd3 
9.Qxd3 O-O-O 10.Nd2 Nf5 11.Nf3 Be7 12.Nh5 fxe5 13.fxe5 Rdf8 14.O-O Qe8 15.
Nf4 Nd8 16.g4 Nh4 17.Nxh4 Bxh4 18.Be3 Qe7 19.Nh3 Nf7 20.Kg2 g6 21.Rf3 Ng5 
22.Bxg5 Bxg5 23.Raf1 Bh6 24.Kg3 Rxf3+ 25.Rxf3 Rf8 26.Rxf8+ Bxf8 27.Qf3 Bg7
28.Nf2 c5 29.h4 Qf8 30.g5 Qxf3+ 31.Kxf3 c4 32.Ng4 Kd8 33.h5 gxh5 34.Nf6 
Ke7 35.Nxh5 Kf7 36.Nf4 b5 37.Kg4 Bf8 38.a3 a5 39.Kh5 b4 40.axb4 axb4 41.
cxb4 Bxb4 42.Kh6 Kg8 43.Nxe6 Bd2 44.Nc7 Bc1 45.e6 Kf8 46.Kxh7 Bxb2 47.Nb5 
1-0

[Event "4th OHRA Open"]
[Site "Amsterdam NED"]
[Date "1985.07.26"]
[Round "9"]
[White "Belkhodja, Slim"]
[Black "Borm, Franciscus"]
[Result "0-1"]
[WhiteElo "2385"]
[BlackElo "2385"]
[EventDate "1985.07.16"]
[PlyCount "82"]

1.e4 e5 2.Nf3 Nc6 3.Bc4 Bc5 4.c3 Nf6 5.d3 a6 6.O-O d6 7.Bb3 Ba7 8.Nbd2 O-O
9.Re1 Be6 10.Nf1 d5 11.exd5 Nxd5 12.Ng5 Qf6 13.Qf3 Rad8 14.Qxf6 gxf6 15.
Ne4 Kg7 16.Neg3 f5 17.Bc2 f4 18.Ne4 h6 19.Ned2 Nf6 20.h3 Rg8 21.Nh2 Kh8 
22.Kf1 Rg7 23.Nhf3 Rdg8 24.Nh4 Rxg2 25.Nxg2 Bxh3 26.d4 Bxg2+ 27.Ke2 exd4 
28.Nb3 Re8+ 29.Kd1 Bf3+ 30.Kd2 dxc3+ 31.bxc3 Rd8+ 32.Bd3 Be4 33.Nd4 Nxd4 
34.cxd4 Bxd4 35.Rb1 Bxd3 36.Kxd3 Bxf2+ 37.Ke2 Bxe1 38.Kxe1 Re8+ 39.Kf2 b5 
40.Bxf4 c5 41.Kf3 Kh7 0-1